| 000 | 01217nam a22003497a 4500 | ||
|---|---|---|---|
| 003 | CHAP | ||
| 005 | 20220329141026.0 | ||
| 008 | 971013s1996 r 00010 d | ||
| 010 | _a61478 | ||
| 011 | _a62450 | ||
| 035 | _a66624 | ||
| 040 | _cCHAP | ||
| 090 | _aTesis | ||
| 100 | 0 | 0 |
_aRodríguez Luna, Gerardo. _998653 |
| 245 | _aEvaluación de variedades mejoradas y criollas de maíz (Zea mays L.) de temporal en el Valle Morelia - Queréndaro, Michoacán | ||
| 260 |
_aChapingo, Méx. : _bEl autor, _c1996 |
||
| 300 | _a46 h. | ||
| 502 | _aTesis (Ing. Agr. Esp. en Fitotecnia) -- UACH. Departamento de Fitotecnia | ||
| 590 |
_aALEPH _b10 _c20130110 _lUCH01 _h1342 |
||
| 590 |
_aBATCH-UPD _b10 _c20130110 _lUCH01 _h0428 |
||
| 590 |
_aBATCH-UPD _b10 _c20130410 _lUCH01 _h0103 |
||
| 590 |
_aBATCH-UPD _b10 _c20130913 _lUCH01 _h2149 |
||
| 590 |
_aCONVERSION _b10 _c20130109 _lUCH01 _h1333 |
||
| 650 | 1 | 4 |
_aAgricultura de temporal. _91999 |
| 650 | 1 | 4 |
_aMaíz _xMejoramiento. _971006 |
| 650 | 1 | 4 |
_aMaíz _xMichoacán. _971019 |
| 650 | 1 | 4 |
_aMaíz _xVariedades. _971081 |
| 901 | _aBK | ||
| 942 | _cFOLL | ||
| 949 |
_bBC _cTES _d-151842 _eTS1 _h30534 _i66624 _si |
||
| 949 |
_bBC _cTES _d33724000625067 _eTS2 _fc.2 _h30535 _i66624 _si |
||
| 999 |
_c61478 _d61478 |
||